000 01478nam a2200361 a 4500
001 ebr10642169
003 CaPaEBR
006 m u
007 cr cn|||||||||
008 120130s2012 paua sb 001 0 eng d
010 _z 2012004087
020 _z9780812244656 (hardcover : alk. paper)
020 _z9780812207736 (e-book)
040 _aCaPaEBR
_cCaPaEBR
035 _a(OCoLC)806250108
043 _ad------
050 1 4 _aHC59.7
_b.A752 2012eb
082 0 4 _a338.9109172/4
_223
100 1 _aAkramov, Kamil.
245 1 0 _aForeign aid allocation, governance, and economic growth
_h[electronic resource] /
_cKamiljon T. Akramov.
250 _a1st ed.
260 _aPhiladelphia :
_bUniversity of Pennsylvania Press,
_cc2012.
300 _axv, 164 p. :
_bill.
504 _aIncludes bibliographical references and index.
533 _aElectronic reproduction.
_bPalo Alto, Calif. :
_cebrary,
_d2013.
_nAvailable via World Wide Web.
_nAccess may be limited to ebrary affiliated libraries.
650 0 _aEconomic assistance
_zDeveloping countries
_xEvaluation.
650 0 _aEconomic development
_xSocial aspects
_zDeveloping countries.
650 0 _aEconomic indicators
_zDeveloping countries.
651 0 _aDeveloping countries
_xEconomic conditions.
655 7 _aElectronic books.
_2local
710 2 _aebrary, Inc.
856 4 0 _uhttp://site.ebrary.com/lib/rucke/Doc?id=10642169
_zAn electronic book accessible through the World Wide Web; click to view
999 _c43424
_d43424